000 00340am a2200145a 44500
003 AR-BaBNM
005 20251128203008.0
008 284019s1949 #AR|||||||||||000 | spa||
040 _cAR-BaBNM
100 1 _aGaro, Francisco J.
245 1 0 _aSociedades comerciales
260 _a[S.l.]
_bLa facultad
_c1949
942 _cBK
998 _cLomberg
999 _c1426
_d1426